Quiz BTS SONGS - Statistiques

Statistiques générales
  • Ce quiz a été pris 124 fois
  • Le résultat moyen est 19 sur 30
Statistiques - réponses
Hint Réponse % Correct
Avion pt2 Airplane pt2
95%
Beurre Butter
94%
Papillon Butterfly
89%
Mon temps My time
88%
Juste un jour Just one day
86%
Perdu Lost
85%
Magasin de magie Magic shop
84%
Reste Stay
84%
Elle Her
83%
Le meilleur de moi Best of me
79%
Plus de rêve No more dream
76%
Cuillère en argent Silver spoon
71%
Ombre Shadow
70%
Fais-moi savoir Let me know
67%
Amour sauvage Savage love
66%
Et alors So what
66%
Fossette Dimple
65%
Battement de coeur Heartbeat
65%
Commencer Begin
62%
Serre-moi fort Hold me tight
57%
Regarde par ici Look here
57%
Rentre à la maison Come back home
48%
Est-ce que je me trompe Am I wrong
46%
Viens dans ma chambre Fly to my room
35%
Reveiller Awake
32%
Casse-dos Spine breaker
31%
D'où viens-tu where you from
30%
Deuxième prise Take two
29%
Manège Merry go round
25%
La femme idéal Miss right
4%
Aucun quiz correspondant
Distribution des résultats
% des personnes avec chaque résultat
Percentile par nombre de réponses
Votre historique - résultats
Vous n’avez pas pris ce quiz